[Event "Arad op 17th"]
[Site "Arad"]
[Date "2024.08.08"]
[Round "6"]
[White "Padurariu, Mihai Edward"]
[Black "Firat, Burak"]
[Result "0-1"]
[WhiteElo "2270"]
[BlackElo "2450"]
[PlyCount "94"]
[EventDate "2024.08.05"]
[EventType "swiss"]
[EventRounds "9"]
[EventCountry "ROU"]
[SourceTitle "CBM 221 Extra"]
[Source "ChessBase"]
[SourceDate "2024.09.30"]
[SourceVersion "1"]
[SourceVersionDate "2024.09.30"]
[SourceQuality "1"]

1. e4 e5 2. Bc4 Nf6 3. d3 c6 4. Nf3 Be7 5. 0-0 d6 6. Re1 0-0 7. d4 Nbd7 8. Bf1 a6 9. a4 a5 10. c3 Re8 11. Na3 Bf8 12. Qc2 Qc7 13. Bg5 h6 14. Bh4 Nh5 15. Nc4 Ndf6 16. Ncd2 Bd7 17. b4 b5 18. axb5 cxb5 19. bxa5 Rxa5 20. Rxa5 Qxa5 21. Nb3 Qc7 22. d5 Rc8 23. Rc1 Be7 24. Nfd2 Nxd5 25. Bxe7 Nxe7 26. c4 Nf4 27. Qd1 b4 28. c5 Ne6 29. cxd6 Qxd6 30. Rxc8+ Nxc8 31. Qa1 Nb6 32. Nc4 Nxc4 33. Bxc4 Nf4 34. g3 Be6 35. Bxe6 Nxe6 36. Qa8+ Kh7 37. Qd5 Qc7 38. h4 Qc2 39. Kg2 h5 40. Nd2 Qc5 41. Qb7 Kg6 42. Nf1 Qd4 43. Ne3 Nc5 44. Qc6+ Kh7 45. Nd5 Nxe4 46. Ne3 Nf6 47. Qc7 b3 0-1

[Event "Arad op 16th"]
[Site "Arad"]
[Date "2023.08.11"]
[Round "7"]
[White "Krstulovic, Alex"]
[Black "Padurariu, Mihai Edward"]
[Result "1/2-1/2"]
[WhiteElo "2447"]
[BlackElo "2227"]
[PlyCount "27"]
[EventDate "2023.08.07"]
[EventType "swiss"]
[EventRounds "9"]
[EventCountry "ROU"]
[SourceTitle "EXT 2024"]
[Source "ChessBase"]
[SourceDate "2023.10.10"]
[SourceVersion "1"]
[SourceVersionDate "2023.10.10"]
[SourceQuality "1"]

1. d4 Nf6 2. Nf3 d5 3. Bf4 c5 4. e3 Nc6 5. Nbd2 e6 6. c3 Nh5 7. Bg5 f6 8. Bh4 g6 9. Bd3 cxd4 10. cxd4 Bd6 11. 0-0 0-0 12. a3 Qe7 13. g4 Ng7 14. e4 1/2-1/2

[Event "Timisoara Foisor Memorial Rapid"]
[Site "Timisoara"]
[Date "2023.08.06"]
[Round "5"]
[White "Kantor, Gergely"]
[Black "Padurariu, Mihai Edward"]
[Result "1-0"]
[WhiteElo "2527"]
[BlackElo "2227"]
[PlyCount "115"]
[EventDate "2023.08.05"]
[EventType "swiss (rapid)"]
[EventRounds "10"]
[EventCountry "ROU"]
[SourceTitle "EXT 2024"]
[Source "ChessBase"]
[SourceDate "2023.10.10"]
[SourceVersion "1"]
[SourceVersionDate "2023.10.10"]
[SourceQuality "1"]

1. d4 d5 2. c4 e6 3. Nc3 c5 4. cxd5 exd5 5. Nf3 Nf6 6. Bg5 Be6 7. e3 c4 8. Be2 Nbd7 9. 0-0 Bb4 10. Ne5 Qa5 11. Nxd7 Nxd7 12. Qc2 0-0 13. Bh4 f5 14. a3 Bd6 15. b3 cxb3 16. Qxb3 Rfc8 17. Nb5 Bf8 18. Bg3 a6 19. Nd6 Bxd6 20. Bxd6 b5 21. a4 Qb6 22. Bf4 bxa4 23. Qxa4 Nf6 24. Rfb1 Qc6 25. Bxa6 Ne4 26. Qxc6 Rxc6 27. Bb5 Rxa1 28. Rxa1 Rb6 29. Bf1 Rb7 30. Be5 Nd2 31. Bd3 Nc4 32. Bf4 Rb3 33. Bf1 Nd2 34. Be2 Rb1+ 35. Rxb1 Nxb1 36. f3 Nc3 37. Bd3 Kf7 38. Kf2 Nd1+ 39. Ke2 Nc3+ 40. Kd2 Na4 41. Bb5 Nb6 42. Kc3 Bd7 43. Bd3 Ke6 44. Bc7 Nc8 45. Kb4 g6 46. Kc5 Ba4 47. Kb4 Bd7 48. Bc2 Ne7 49. Bb3 Bc8 50. Kc5 Bb7 51. Bd8 Ng8 52. Kb6 Bc8 53. Kc6 Nf6 54. Bxf6 Kxf6 55. Bxd5 Ba6 56. f4 Ke7 57. Kc7 h6 58. Bc6 1-0

[Event "Timisoara Foisor Memorial Rapid"]
[Site "Timisoara"]
[Date "2023.08.06"]
[Round "7"]
[White "Rakotomaharo, Fy Antenaina"]
[Black "Padurariu, Mihai Edward"]
[Result "0-1"]
[WhiteElo "2464"]
[BlackElo "2227"]
[PlyCount "74"]
[EventDate "2023.08.05"]
[EventType "swiss (rapid)"]
[EventRounds "10"]
[EventCountry "ROU"]
[SourceTitle "CBM 215 Extra"]
[Source "ChessBase"]
[SourceDate "2023.09.30"]
[SourceVersion "1"]
[SourceVersionDate "2023.09.30"]
[SourceQuality "1"]

1. e4 c6 2. Nf3 d5 3. d3 g6 4. e5 c5 5. c3 Nc6 6. d4 Bg4 7. Bb5 Qb6 8. Bxc6+ Qxc6 9. 0-0 cxd4 10. cxd4 Nh6 11. Nc3 Nf5 12. Be3 Nxe3 13. fxe3 Bh6 14. Qe1 0-0 15. Kh1 Bxf3 16. Rxf3 f6 17. Qh4 Bg7 18. exf6 Rxf6 19. Rxf6 exf6 20. Qf2 f5 21. Qf3 Rd8 22. Rc1 Qe6 23. Ne2 Re8 24. Rc3 Bh6 25. Nf4 Bxf4 26. Qxf4 Re7 27. h3 Kg7 28. Kh2 h6 29. h4 a6 30. Kg1 Qf6 31. Kf2 g5 32. hxg5 hxg5 33. Qf3 Qe6 34. Rc5 f4 35. Rxd5 fxe3+ 36. Ke2 Qg6 37. Rf5 Rd7 0-1

[Event "Braila GP RO Stage 5"]
[Site "Braila"]
[Date "2022.11.06"]
[Round "7"]
[White "Padurariu, Mihai Edward"]
[Black "Samunenkov, Igor"]
[Result "0-1"]
[WhiteElo "2230"]
[BlackElo "2488"]
[PlyCount "104"]
[EventDate "2022.11.05"]
[EventType "swiss (rapid)"]
[EventRounds "10"]
[EventCountry "ROU"]
[SourceTitle "EXT 2024"]
[Source "ChessBase"]
[SourceDate "2023.10.10"]
[SourceVersion "1"]
[SourceVersionDate "2023.10.10"]
[SourceQuality "1"]

1. e4 c5 2. Nf3 Nc6 3. Bb5 e6 4. 0-0 Nge7 5. Re1 b6 6. b3 a6 7. Bf1 d5 8. exd5 Nxd5 9. Bb2 Bb7 10. c4 Nf6 11. Nc3 Be7 12. a3 0-0 13. Ne2 Qc7 14. Qc2 Rad8 15. Rad1 e5 16. Ng3 Bd6 17. Nf5 Rfe8 18. Nxd6 Qxd6 19. d3 Ng4 20. Qe2 f6 21. Nh4 Nh6 22. Qh5 Nd4 23. f4 Nf7 24. fxe5 Rxe5 25. Rxe5 Qxe5 26. Qxe5 Nxe5 27. Bxd4 Rxd4 28. Nf5 Rd7 29. Be2 g6 30. Ne3 f5 31. Kf2 Kg7 32. Nc2 Kf6 33. d4 cxd4 34. Rxd4 Be4 35. Rxd7 Nxd7 36. Ne3 Ke5 37. b4 Kd4 38. c5 bxc5 39. Bxa6 f4 40. Nd1 c4 41. Bb5 Ne5 42. Ke1 c3 43. Nf2 Bxg2 44. a4 Ke3 45. Nd1+ Kd4 46. Nf2 g5 47. a5 g4 48. a6 g3 49. hxg3 fxg3 50. Nd1 Nf3+ 51. Ke2 c2 52. a7 c1Q 0-1

[Event "Braila GP RO Stage 5"]
[Site "Braila"]
[Date "2022.11.06"]
[Round "6"]
[White "Padurariu, Mihai Edward"]
[Black "Sethuraman, SP."]
[Result "0-1"]
[WhiteElo "2230"]
[BlackElo "2643"]
[PlyCount "134"]
[EventDate "2022.11.05"]
[EventType "swiss (rapid)"]
[EventRounds "10"]
[EventCountry "ROU"]
[SourceTitle "EXT 2024"]
[Source "ChessBase"]
[SourceDate "2023.10.10"]
[SourceVersion "1"]
[SourceVersionDate "2023.10.10"]
[SourceQuality "1"]

1. d4 d5 2. c4 e6 3. Nf3 Nf6 4. Nc3 c6 5. Qb3 dxc4 6. Qxc4 b5 7. Qd3 a6 8. e4 c5 9. dxc5 Qxd3 10. Bxd3 Bxc5 11. e5 Nfd7 12. Be4 Ra7 13. Bf4 Bb7 14. Bxb7 Rxb7 15. Ne4 0-0 16. Rc1 Be7 17. Ke2 Nb6 18. Nd4 Nd5 19. Bd2 h6 20. Nc6 Nxc6 21. Rxc6 Ra8 22. Rhc1 Kh7 23. a3 a5 24. Nd6 Bxd6 25. exd6 Kg6 26. Kd3 Rd7 27. R1c5 Ne7 28. Rb6 Nc8 29. Rxc8 Rxc8 30. Bxa5 Rc5 31. Bb4 Rd5+ 32. Ke3 Kf5 33. Rc6 e5 34. Rc8 f6 35. Re8 Kg6 36. f3 Kf7 37. Rb8 h5 38. b3 Ke6 39. Re8+ Kf7 40. Rb8 Ra7 41. Ke4 Rd4+ 42. Ke3 Rd1 43. Rxb5 Ke6 44. Rb8 f5 45. Ke2 Rb1 46. Bc5 Rd7 47. b4 Kd5 48. Rc8 Rb2+ 49. Ke3 Rb3+ 50. Kf2 Rxa3 51. Rf8 f4 52. Re8 Ra2+ 53. Kf1 Ra1+ 54. Kf2 Ra2+ 55. Kf1 g5 56. Rg8 g4 57. fxg4 hxg4 58. Rxg4 Rd8 59. Rg7 Rda8 60. d7 Rd2 61. Bf2 Ke6 62. b5 Ra1+ 63. Be1 Rdd1 64. d8Q Rxd8 65. Ke2 Ra2+ 66. Kf1 Rd1 67. Rg6+ Kf5 0-1

[Event "ROM-chT"]
[Site "Oradea"]
[Date "2022.09.29"]
[Round "9.5"]
[White "Padurariu, Mihai Edward"]
[Black "Secheres, Adrian Simion"]
[Result "0-1"]
[WhiteElo "2263"]
[BlackElo "2375"]
[PlyCount "94"]
[EventDate "2022.09.21"]
[EventType "team-tourn"]
[EventRounds "9"]
[EventCountry "ROU"]
[SourceTitle "EXT 2024"]
[Source "ChessBase"]
[SourceDate "2023.10.10"]
[SourceVersion "1"]
[SourceVersionDate "2023.10.10"]
[SourceQuality "1"]
[WhiteTeam "Targoviste"]
[BlackTeam "Timisoara Vest Univ"]
[WhiteTeamCountry "ROU"]
[BlackTeamCountry "ROU"]

1. d4 Nf6 2. Bg5 d5 3. e3 c5 4. Bxf6 gxf6 5. Bb5+ Bd7 6. Bxd7+ Nxd7 7. Nf3 cxd4 8. exd4 Qb6 9. Nc3 e6 10. Rb1 Bb4 11. 0-0 Bxc3 12. bxc3 Qc7 13. Qd3 0-0 14. Rfe1 Kh8 15. Nd2 Rac8 16. Re3 Rg8 17. Qb5 Qd6 18. Qb4 Qxb4 19. Rxb4 Rc7 20. Kf1 Rgc8 21. Ke2 Nb6 22. a4 Nd7 23. Rb3 b6 24. f4 f5 25. Ra3 Nf6 26. h3 Ne8 27. g4 Nd6 28. Rb3 Rg8 29. g5 Kg7 30. h4 h5 31. Ra3 Rgc8 32. Rb3 Rc6 33. Kd3 Nc4 34. Re1 Nd6 35. Ra1 a6 36. Rab1 b5 37. Ra1 Ne4 38. Nxe4 fxe4+ 39. Kd2 b4 40. Rab1 Rxc3 41. Rxc3 bxc3+ 42. Ke3 Rc4 43. a5 Ra4 44. Rb3 Rxa5 45. Rxc3 Ra1 46. Rc6 Rh1 47. Rxa6 Rxh4 0-1

[Event "ROM-chT"]
[Site "Oradea"]
[Date "2022.09.22"]
[Round "2.5"]
[White "Jianu, Vlad Cristian"]
[Black "Padurariu, Mihai Edward"]
[Result "1-0"]
[WhiteElo "2511"]
[BlackElo "2263"]
[PlyCount "85"]
[EventDate "2022.09.21"]
[EventType "team-tourn"]
[EventRounds "9"]
[EventCountry "ROU"]
[SourceTitle "EXT 2024"]
[Source "ChessBase"]
[SourceDate "2023.10.10"]
[SourceVersion "1"]
[SourceVersionDate "2023.10.10"]
[SourceQuality "1"]
[WhiteTeam "Superbet ASE"]
[BlackTeam "Targoviste"]
[WhiteTeamCountry "ROU"]
[BlackTeamCountry "ROU"]

1. d4 Nf6 2. Nf3 e6 3. g3 b5 4. Bg2 d5 5. 0-0 Be7 6. a4 b4 7. c4 bxc3 8. Nxc3 0-0 9. Bf4 a5 10. Rc1 c6 11. Re1 Ba6 12. e4 Bb4 13. exd5 cxd5 14. Ne5 Qb6 15. Re3 Nbd7 16. Na2 Rfc8 17. Nxb4 axb4 18. Re1 Rxc1 19. Qxc1 Rc8 20. Qd2 b3 21. a5 Qa7 22. Qb4 Nxe5 23. Bxe5 Bc4 24. Qb6 Qa8 25. Qb4 Nd7 26. Bf4 Nb8 27. Bxb8 Rxb8 28. Qxc4 dxc4 29. Bxa8 Rxa8 30. Ra1 Kf8 31. Kf1 Ke7 32. Ke2 Kd6 33. Kd2 Kc6 34. a6 Kb5 35. Kc3 e5 36. d5 Ra7 37. d6 Kc6 38. Kxc4 Kxd6 39. Kb5 Ra8 40. a7 Kc7 41. Ka6 Re8 42. Ra4 Kd6 43. Kb7 1-0

[Event "Bucharest Super Rapid op"]
[Site "Bucharest"]
[Date "2022.05.01"]
[Round "9"]
[White "Padurariu, Mihai Edward"]
[Black "Manea, Alexandru"]
[Result "1/2-1/2"]
[WhiteElo "2255"]
[BlackElo "2360"]
[PlyCount "77"]
[EventDate "2022.04.30"]
[EventType "swiss (rapid)"]
[EventRounds "10"]
[EventCountry "ROU"]
[SourceTitle "CBM 208 Extra"]
[Source "ChessBase"]
[SourceDate "2022.07.31"]
[SourceVersion "1"]
[SourceVersionDate "2022.07.31"]
[SourceQuality "1"]

1. e4 Nf6 2. e5 Nd5 3. d4 d6 4. Nf3 dxe5 5. Nxe5 c6 6. c4 Nb4 7. Nd3 Nxd3+ 8. Qxd3 Nd7 9. Nc3 Nf6 10. Be2 Qa5 11. 0-0 Bf5 12. Qg3 e6 13. a3 Bg6 14. Be3 Be7 15. b4 Qd8 16. Rfd1 Bd6 17. Bf4 Bxf4 18. Qxf4 0-0 19. Bf3 Re8 20. d5 cxd5 21. cxd5 e5 22. Qe3 a6 23. Rac1 Qd7 24. Qb6 Rac8 25. b5 axb5 26. Be2 Red8 27. Bxb5 Qd6 28. Qxb7 Qxa3 29. Bc6 Qa5 30. Qe7 Qb6 31. h3 e4 32. Na4 Qb3 33. Nc5 Qa3 34. Ra1 Qc3 35. Nb7 Rf8 36. Rac1 Qb2 37. Rb1 Qc3 38. Rbc1 Qb2 39. d6 1/2-1/2

[Event "ROM-ch U18"]
[Site "Eforie Nord"]
[Date "2022.04.14"]
[Round "5"]
[White "Ognean, Mihnea Ionut"]
[Black "Padurariu, Mihai Edward"]
[Result "1-0"]
[WhiteElo "2239"]
[BlackElo "2255"]
[PlyCount "65"]
[EventDate "2022.04.11"]
[EventType "swiss"]
[EventRounds "9"]
[EventCountry "ROU"]
[SourceTitle "EXT 2023"]
[Source "ChessBase"]
[SourceDate "2022.10.05"]
[SourceVersion "1"]
[SourceVersionDate "2022.10.05"]
[SourceQuality "1"]

1. e4 c6 2. Nc3 d5 3. d4 dxe4 4. Nxe4 Nf6 5. Nxf6+ exf6 6. c3 Bd6 7. Bd3 0-0 8. Qc2 Re8+ 9. Ne2 h5 10. 0-0 h4 11. h3 Nd7 12. Be3 Nf8 13. Rad1 Ne6 14. c4 Ng5 15. Rfe1 Bd7 16. Nc3 Qc7 17. Qd2 Ne6 18. d5 Nc5 19. Bb1 Rad8 20. Qd4 f5 21. Qxh4 Ne4 22. Nxe4 fxe4 23. Bxe4 f5 24. Bf3 f4 25. Bd4 c5 26. Bc3 Bf5 27. Bg4 Qf7 28. Qg5 Bxg4 29. Qxg4 f3 30. g3 Bc7 31. Rxe8+ Rxe8 32. Rd3 Rf8 33. Rxf3 1-0

[Event "Romanian op"]
[Site "Alba Iulia"]
[Date "2021.11.27"]
[Round "9"]
[White "Pasti, Aron"]
[Black "Padurariu, Mihai Edward"]
[Result "1/2-1/2"]
[WhiteElo "2335"]
[BlackElo "2251"]
[PlyCount "29"]
[EventDate "2021.11.21"]
[EventType "swiss"]
[EventRounds "9"]
[EventCountry "ROU"]
[SourceTitle "CBM 205 Extra"]
[Source "ChessBase"]
[SourceDate "2022.01.31"]
[SourceVersion "1"]
[SourceVersionDate "2022.01.31"]
[SourceQuality "1"]

1. e4 c6 2. d4 d5 3. Nc3 dxe4 4. Nxe4 Nf6 5. Nxf6+ exf6 6. c3 Bd6 7. Bd3 0-0 8. Ne2 Re8 9. 0-0 Bg4 10. f3 Be6 11. Ng3 c5 12. d5 Bxd5 13. Bxh7+ Kxh7 14. Qxd5 Bxg3 15. Qf5+ 1/2-1/2

[Event "Romanian op"]
[Site "Alba Iulia"]
[Date "2021.11.24"]
[Round "6"]
[White "Padurariu, Mihai Edward"]
[Black "Nastore, Pavel Alexandru"]
[Result "1/2-1/2"]
[WhiteElo "2251"]
[BlackElo "2249"]
[PlyCount "49"]
[EventDate "2021.11.21"]
[EventType "swiss"]
[EventRounds "9"]
[EventCountry "ROU"]
[SourceTitle "CBM 205 Extra"]
[Source "ChessBase"]
[SourceDate "2022.01.31"]
[SourceVersion "1"]
[SourceVersionDate "2022.01.31"]
[SourceQuality "1"]

1. e4 c5 2. Nf3 d6 3. d4 cxd4 4. Qxd4 Nc6 5. Bb5 a6 6. Bxc6+ bxc6 7. 0-0 e5 8. Qd3 Qc7 9. c4 Be7 10. c5 dxc5 11. Nbd2 Nf6 12. Nc4 Nd7 13. Be3 0-0 14. Rad1 Rd8 15. Qc3 f6 16. Qa5 Ra7 17. Bd2 Nb8 18. Qa3 Qb7 19. Rc1 a5 20. Bxa5 Be6 21. Qc3 Re8 22. Nfd2 Nd7 23. a3 Bf7 24. b4 cxb4 25. axb4 1/2-1/2

[Event "Romanian op"]
[Site "Alba Iulia"]
[Date "2021.11.23"]
[Round "4"]
[White "Padurariu, Mihai Edward"]
[Black "Pasztor, Balazs"]
[Result "0-1"]
[WhiteElo "2251"]
[BlackElo "2356"]
[PlyCount "108"]
[EventDate "2021.11.21"]
[EventType "swiss"]
[EventRounds "9"]
[EventCountry "ROU"]
[SourceTitle "CBM 205 Extra"]
[Source "ChessBase"]
[SourceDate "2022.01.31"]
[SourceVersion "1"]
[SourceVersionDate "2022.01.31"]
[SourceQuality "1"]

1. e4 e5 2. Bc4 Nf6 3. Nc3 Bc5 4. d3 0-0 5. f4 exf4 6. Bxf4 c6 7. d4 Bb4 8. e5 d5 9. Bd3 Ne4 10. Bxe4 Bxc3+ 11. bxc3 dxe4 12. Ne2 Be6 13. 0-0 Bc4 14. Rf2 Nd7 15. Ng3 f5 16. exf6 Nxf6 17. Bg5 h6 18. Bxf6 Rxf6 19. Nxe4 Rxf2 20. Nxf2 Qg5 21. Ng4 Rf8 22. Nf2 Bd5 23. g3 Qe3 24. Qe1 Qf3 25. Qf1 Qxc3 26. Rb1 b5 27. Qd3 Qa5 28. Ne4 Qd8 29. Re1 Bxa2 30. Nc5 Re8 31. Rxe8+ Qxe8 32. Kf2 Bd5 33. Qa3 Qh5 34. h4 Qf5+ 35. Ke1 Qxc2 36. Qe3 a5 37. Qe8+ Kh7 38. h5 Qc3+ 39. Kf1 Qf3+ 40. Ke1 Qxg3+ 41. Kd2 Qf4+ 42. Kc2 Qf5+ 43. Kd2 Qf2+ 44. Kc1 Qf7 45. Qe5 Qf6 46. Qe8 Bf7 47. Qe4+ Kh8 48. Nd7 Qg5+ 49. Kb2 Qd2+ 50. Kb1 Qd1+ 51. Kb2 Qb3+ 52. Kc1 Qc3+ 53. Kb1 Bxh5 54. Ne5 Qb3+ 0-1

[Event "Romanian op"]
[Site "Alba Iulia"]
[Date "2021.11.22"]
[Round "3"]
[White "Butolo, Alexandru Mircea"]
[Black "Padurariu, Mihai Edward"]
[Result "0-1"]
[WhiteElo "1768"]
[BlackElo "2251"]
[PlyCount "64"]
[EventDate "2021.11.21"]
[EventType "swiss"]
[EventRounds "9"]
[EventCountry "ROU"]
[SourceTitle "CBM 205 Extra"]
[Source "ChessBase"]
[SourceDate "2022.01.31"]
[SourceVersion "1"]
[SourceVersionDate "2022.01.31"]
[SourceQuality "1"]

1. e4 e6 2. d4 d5 3. Nc3 Nf6 4. e5 Nfd7 5. f4 c5 6. Nf3 Nc6 7. Be3 Be7 8. Be2 a6 9. a4 Qb6 10. a5 Qc7 11. Qd2 0-0 12. 0-0 f5 13. Rfb1 cxd4 14. Nxd4 Nc5 15. b4 Ne4 16. Nxe4 fxe4 17. Qc3 Bd7 18. b5 axb5 19. Bxb5 Rfc8 20. Bxc6 bxc6 21. a6 c5 22. Rb7 Qd8 23. Nb3 d4 24. Qd2 Bc6 25. Ra5 dxe3 26. Qxe3 Qd1+ 27. Kf2 Qxc2+ 28. Kg3 Rd8 29. Nxc5 Bxb7 30. axb7 Rxa5 31. Nxe6 Ra3 32. Qxa3 Bxa3 0-1

[Event "Romanian op"]
[Site "Alba Iulia"]
[Date "2021.11.21"]
[Round "1"]
[White "Manolache, Marius"]
[Black "Padurariu, Mihai Edward"]
[Result "1/2-1/2"]
[WhiteElo "2506"]
[BlackElo "2251"]
[PlyCount "146"]
[EventDate "2021.11.21"]
[EventType "swiss"]
[EventRounds "9"]
[EventCountry "ROU"]
[SourceTitle "CBM 205 Extra"]
[Source "ChessBase"]
[SourceDate "2022.01.31"]
[SourceVersion "1"]
[SourceVersionDate "2022.01.31"]
[SourceQuality "1"]

1. d4 e6 2. c4 b6 3. a3 Bb7 4. Nc3 Nf6 5. Nf3 g6 6. d5 Bg7 7. g3 0-0 8. Bg2 exd5 9. cxd5 c5 10. 0-0 d6 11. Bf4 a6 12. Rc1 Re8 13. b4 Nh5 14. Bg5 Qc7 15. Nd2 h6 16. Be3 Nd7 17. bxc5 bxc5 18. Nc4 Ne5 19. Nxe5 Rxe5 20. Bd2 f5 21. Qa4 Rae8 22. Rb1 R5e7 23. Qb3 Nf6 24. e3 Ng4 25. h3 Ne5 26. e4 Bc8 27. Qa4 Kh7 28. f4 Nd3 29. exf5 gxf5 30. Qc4 Bd4+ 31. Kh2 Nf2 32. Be1 Ne4 33. Nxe4 fxe4 34. Bc3 Qa7 35. f5 a5 36. Bxd4 Ba6 37. Qa4 Bxf1 38. Bf6 Bxg2 39. Bxe7 Qxe7 40. f6 Qf7 41. Qc6 Kg6 42. Rb7 Qf8 43. Kxg2 Kxf6 44. Rb1 Qe7 45. Rb7 Qf8 46. Rb1 Qe7 47. Qa4 Kg6 48. Rb7 Qf8 49. Qd1 Qf3+ 50. Qxf3 exf3+ 51. Kxf3 Re5 52. Ra7 Rxd5 53. Rxa5 Rd3+ 54. Kf4 c4 55. Ra6 Rd4+ 56. Ke3 Rd3+ 57. Kf4 Kf6 58. a4 Ke6 59. Ra8 Ra3 60. a5 Kd5 61. a6 Kd4 62. a7 d5 63. g4 c3 64. h4 c2 65. Rc8 Kd3 66. g5 hxg5+ 67. hxg5 Rxa7 68. Ke5 d4 69. g6 Rg7 70. Kf6 Rxg6+ 71. Kxg6 Kd2 72. Kf5 d3 73. Ke4 c1Q 1/2-1/2

[Event "ROM-chT"]
[Site "Mamaia"]
[Date "2021.10.09"]
[Round "10.4"]
[White "Ionescu, Constantin"]
[Black "Padurariu, Mihai Edward"]
[Result "1/2-1/2"]
[WhiteElo "2428"]
[BlackElo "2143"]
[PlyCount "21"]
[EventDate "2021.10.02"]
[EventType "team-tourn"]
[EventRounds "11"]
[EventCountry "ROU"]
[SourceTitle "CBM 204 Extra"]
[Source "ChessBase"]
[SourceDate "2021.11.30"]
[SourceVersion "1"]
[SourceVersionDate "2021.11.30"]
[SourceQuality "1"]
[WhiteTeam "Techirghiol Victoria"]
[BlackTeam "Targoviste"]
[WhiteTeamCountry "ROU"]
[BlackTeamCountry "ROU"]

1. Nf3 Nf6 2. c4 e6 3. g3 b6 4. Bg2 Bb7 5. 0-0 g6 6. Nc3 Bg7 7. d3 d5 8. cxd5 exd5 9. d4 0-0 10. Bf4 Na6 11. Rc1 1/2-1/2

[Event "ROM-chT"]
[Site "Mamaia"]
[Date "2021.10.08"]
[Round "9.2"]
[White "Padurariu, Mihai Edward"]
[Black "Bonte, Andrei Mihai"]
[Result "0-1"]
[WhiteElo "2143"]
[BlackElo "2333"]
[PlyCount "70"]
[EventDate "2021.10.02"]
[EventType "team-tourn"]
[EventRounds "11"]
[EventCountry "ROU"]
[SourceTitle "CBM 204 Extra"]
[Source "ChessBase"]
[SourceDate "2021.11.30"]
[SourceVersion "1"]
[SourceVersionDate "2021.11.30"]
[SourceQuality "1"]
[WhiteTeam "Targoviste"]
[BlackTeam "Galati Smart"]
[WhiteTeamCountry "ROU"]
[BlackTeamCountry "ROU"]

1. e4 e5 2. Bc4 Nf6 3. d3 c6 4. Nf3 d5 5. Bb3 Bb4+ 6. c3 Bd6 7. Bg5 dxe4 8. dxe4 h6 9. Bh4 Qe7 10. Nbd2 Bc7 11. a4 Nbd7 12. a5 Nc5 13. Bc2 0-0 14. b4 Ne6 15. 0-0 Rd8 16. Bg3 Ng5 17. Nxg5 hxg5 18. Qe2 g6 19. Nb3 Nh5 20. Rfd1 Rxd1+ 21. Rxd1 Kg7 22. Rd2 Nf4 23. Qd1 b6 24. Qf1 bxa5 25. Nxa5 Bxa5 26. bxa5 Qa3 27. Rd1 Qxc3 28. Ba4 Be6 29. Bxf4 gxf4 30. Qa6 Rb8 31. Qxc6 Qxa5 32. h4 Rb4 33. Ra1 Bb3 34. Rc1 Rxa4 35. h5 Ra1 0-1

[Event "ROM-chT"]
[Site "Mamaia"]
[Date "2021.10.02"]
[Round "1.5"]
[White "Rogozenco, Dorian"]
[Black "Padurariu, Mihai Edward"]
[Result "0-1"]
[WhiteElo "2466"]
[BlackElo "2143"]
[PlyCount "84"]
[EventDate "2021.10.02"]
[EventType "team-tourn"]
[EventRounds "11"]
[EventCountry "ROU"]
[SourceTitle "CBM 204 Extra"]
[Source "ChessBase"]
[SourceDate "2021.11.30"]
[SourceVersion "1"]
[SourceVersionDate "2021.11.30"]
[SourceQuality "1"]
[WhiteTeam "Timisoara Medicina"]
[BlackTeam "Targoviste"]
[WhiteTeamCountry "ROU"]
[BlackTeamCountry "ROU"]

1. c4 e6 2. Nf3 Nf6 3. g3 b6 4. Bg2 Bb7 5. 0-0 g6 6. Nc3 Bg7 7. Qc2 d5 8. cxd5 exd5 9. d4 0-0 10. Bf4 Na6 11. Rfd1 Qe7 12. Rac1 Rfd8 13. a3 c5 14. dxc5 bxc5 15. Na4 Rac8 16. Bh3 Nd7 17. Nc3 d4 18. Nb5 Rc6 19. Re1 Rb6 20. a4 Nb4 21. Qd2 Nd5 22. Bg5 N7f6 23. Qc2 h6 24. Bxf6 Qxf6 25. Nd2 d3 26. Qxc5 Rc6 27. Qa3 Rxc1 28. Rxc1 Qxb2 29. Qxb2 Bxb2 30. Re1 a6 31. Nc4 axb5 32. Nxb2 d2 33. Ra1 Nc3 34. axb5 Nxe2+ 35. Kf1 Nc3 36. Bg4 h5 37. Nd1 hxg4 38. Nxc3 Bf3 39. Nd1 Re8 40. Nc3 Kg7 41. b6 Rc8 42. Ne2 Bxe2+ 0-1

[Event "Arad op-A 14th"]
[Site "Arad"]
[Date "2021.08.06"]
[Round "9"]
[White "Padurariu, Mihai Edward"]
[Black "Coicev, Matei Andrei"]
[Result "1-0"]
[WhiteElo "2186"]
[BlackElo "1968"]
[PlyCount "63"]
[EventDate "2021.07.30"]
[EventType "swiss"]
[EventRounds "9"]
[EventCountry "ROU"]
[SourceTitle "CBM 203 Extra"]
[Source "ChessBase"]
[SourceDate "2021.09.30"]
[SourceVersion "1"]
[SourceVersionDate "2021.09.30"]
[SourceQuality "1"]

1. e4 c5 2. Nf3 Nc6 3. Bb5 d6 4. d4 cxd4 5. Qxd4 Bd7 6. Qd3 g6 7. 0-0 Bg7 8. Rd1 Nf6 9. c4 0-0 10. Bxc6 Bxc6 11. Nc3 a5 12. Rb1 Nd7 13. Nd4 Rc8 14. b3 a4 15. Nxc6 Rxc6 16. Nxa4 Qa5 17. Bd2 Qa7 18. Nc3 Ra6 19. Nb5 Qc5 20. a4 Qh5 21. Qd5 Be5 22. f4 e6 23. Qd3 Nc5 24. Qe3 Bg7 25. e5 Rc6 26. exd6 e5 27. Bc3 exf4 28. Qxf4 Bxc3 29. Nxc3 Nxb3 30. Nd5 Kg7 31. Qf6+ Kh6 32. Rd3 1-0

[Event "Arad op-A 14th"]
[Site "Arad"]
[Date "2021.08.03"]
[Round "6"]
[White "Padurariu, Mihai Edward"]
[Black "Botea, David Alexandru"]
[Result "0-1"]
[WhiteElo "2186"]
[BlackElo "2021"]
[PlyCount "102"]
[EventDate "2021.07.30"]
[EventType "swiss"]
[EventRounds "9"]
[EventCountry "ROU"]
[SourceTitle "CBM 203 Extra"]
[Source "ChessBase"]
[SourceDate "2021.09.30"]
[SourceVersion "1"]
[SourceVersionDate "2021.09.30"]
[SourceQuality "1"]

1. d4 Nf6 2. Bg5 e6 3. Nd2 h6 4. Bh4 d5 5. e3 c5 6. c3 b6 7. Bd3 Be7 8. f4 Bb7 9. Bxf6 Bxf6 10. Ngf3 Nd7 11. 0-0 Be7 12. Ne5 0-0 13. Nxd7 Qxd7 14. Nf3 Bc6 15. Ne5 Qd8 16. Rf3 Bd6 17. Rg3 Bxe5 18. fxe5 f5 19. exf6 Rxf6 20. Qg4 Qe7 21. Re1 Raf8 22. h3 Bd7 23. Qh5 Qd6 24. Kh2 Be8 25. Qg4 Qc7 26. Kg1 Bh5 27. Qh4 g5 28. Rxg5+ hxg5 29. Qxh5 Qg7 30. Qg4 Qh6 31. e4 c4 32. Bc2 Rf4 33. Qg3 Qh4 34. Qxh4 gxh4 35. exd5 exd5 36. Re5 Rf1+ 37. Kh2 R1f2 38. Ba4 Rxb2 39. Bc6 b5 40. Bxd5+ Kg7 41. Re7+ Kh6 42. Re4 Kg5 43. Rg4+ Kh5 44. a3 Rc2 45. Bc6 a6 46. Bb7 Rxc3 47. Bxa6 Rb3 48. Rg7 c3 49. Rc7 Kg5 50. d5 Rb1 51. d6 Rff1 0-1